000
00454nam a2200181Ia 4500
008
100917s9999 xx 000 0 und d
082
_b
64172
100
_a
भोपे मधुरंजन
245
_a
ट र
260
_b
मनोरमा प्रकाशन
_c
1984
300
_a
210
365
_b
40
520
_a
कादंबरी
630
_a
ट र
650
_a
कादंबरी
730
_a
ट र
942
_c
BOOK
999
_c
669566
_d
669563